000 00472nam a2200181Ia 4500
001 9311
005 20260306161709.0
008 260306t2021||||xx |||||||||||||| ||spa||
041 _aESP
082 _a378.1
_bH65
100 _aHoevel, Carlos,
_eAUT
245 0 _aLa industria académica :
_bla universidad bajo el imperio de la tecnocracia global
260 _c2021
300 _a365 páginas :
_c20 cm.
650 _aGEN
654 _aCED
942 _cLIB
_dJUS
_fJUS
_2ddc
_n
999 _c9311
_d9311